[Event "Daventry 4NCL Easter op-C 2nd"]
[Site "Daventry"]
[Date "2022.04.17"]
[Round "4"]
[White "Cox, Lucian"]
[Black "Pasari, Rohan"]
[Result "1-0"]
[WhiteElo "1545"]
[BlackElo "1510"]
[PlyCount "129"]
[EventDate "2022.04.15"]
[EventType "swiss"]
[EventRounds "7"]
[EventCountry "ENG"]
[SourceTitle "CBM 207 Extra"]
[Source "ChessBase"]
[SourceDate "2022.05.31"]
[SourceVersion "1"]
[SourceVersionDate "2022.05.31"]
[SourceQuality "1"]

1. e4 e5 2. Nf3 Nc6 3. d4 exd4 4. Bc4 h6 5. 0-0 Bc5 6. c3 dxc3 7. Bxf7+ Kxf7 8. Qd5+ Kf8 9. Qxc5+ d6 10. Qxc3 Nf6 11. e5 Ne4 12. Qa3 Kf7 13. exd6 Qxd6 14. Qxd6 Nxd6 15. Nc3 Re8 16. Bf4 Kg8 17. Nd5 Nb5 18. Nxc7 Nxc7 19. Bxc7 Bg4 20. Rfe1 Rac8 21. Ne5 Rxc7 22. Nxg4 Rd8 23. Rad1 Nd4 24. h3 Rcd7 25. Kh1 Rf8 26. Re4 Rfd8 27. Ne5 Rd5 28. Ng6 Nf5 29. Rxd5 Rxd5 30. Ne7+ Nxe7 31. Rxe7 Rb5 32. b3 Kf8 33. Rc7 Kg8 34. g4 a6 35. Rc4 Re5 36. Kg2 Kh7 37. b4 b5 38. Rc6 Re4 39. a3 a5 40. bxa5 Ra4 41. a6 Rxa3 42. Rb6 Ra5 43. Kg3 Ra3+ 44. f3 g5 45. Rb7+ Kg6 46. a7 b4 47. h4 b3 48. h5+ Kf6 49. Rh7 Rxa7 50. Rxa7 b2 51. Rb7 Ke5 52. Rxb2 Kd4 53. Rb6 Ke3 54. Rxh6 Ke2 55. Re6+ Kd3 56. h6 Kd4 57. h7 Kd5 58. Rh6 Kd4 59. h8Q+ Ke3 60. Qe5+ Kd3 61. Rd6+ Kc4 62. Rd4+ Kc3 63. Qe3+ Kc2 64. Rd2+ Kc1 65. Qe1# 1-0

[Event "ENG-ch U14"]
[Site "Milton Keynes"]
[Date "2021.10.02"]
[Round "3"]
[White "Cox, Lucian"]
[Black "Royle, Alex"]
[Result "0-1"]
[WhiteElo "1051"]
[BlackElo "1480"]
[PlyCount "60"]
[EventDate "2021.10.02"]
[EventType "swiss"]
[EventRounds "5"]
[EventCountry "ENG"]
[SourceTitle "EXT 2023"]
[Source "ChessBase"]
[SourceDate "2022.10.05"]
[SourceVersion "1"]
[SourceVersionDate "2022.10.05"]
[SourceQuality "1"]

1. e4 e5 2. f4 exf4 3. Nf3 d5 4. exd5 Nf6 5. d4 Nxd5 6. Bc4 Be6 7. 0-0 Ne3 8. Bb5+ c6 9. Bxe3 fxe3 10. Bd3 g6 11. Qe2 Bh6 12. c4 0-0 13. Nc3 Re8 14. Rad1 Re7 15. d5 cxd5 16. cxd5 Bg4 17. h3 Bxf3 18. Qxf3 Nd7 19. Kh1 Ne5 20. Qf6 Bg7 21. Qf4 Nxd3 22. Rxd3 Be5 23. Qf3 Bxc3 24. Rxc3 a6 25. Rxe3 Rxe3 26. Qxe3 Qxd5 27. Qe7 b5 28. a3 Rc8 29. Qa7 Rc2 30. Qxa6 Qxg2# 0-1

[Event "GBR-ch U12 106th"]
[Site "Torquay"]
[Date "2019.07.30"]
[Round "3"]
[White "Sedykh, Stakhey"]
[Black "Cox, Lucian"]
[Result "1-0"]
[WhiteElo "1408"]
[BlackElo "1532"]
[PlyCount "107"]
[EventDate "2019.07.28"]
[EventType "swiss"]
[EventRounds "7"]
[EventCountry "ENG"]
[SourceTitle "EXT 2020"]
[Source "ChessBase"]
[SourceDate "2019.10.17"]
[SourceVersion "1"]
[SourceVersionDate "2019.10.17"]
[SourceQuality "1"]

1. e4 c5 2. Nc3 Nc6 3. g3 g6 4. Bg2 Bg7 5. d3 d6 6. f4 e6 7. Nf3 Nge7 8. 0-0 0-0 9. g4 f5 10. h3 fxg4 11. hxg4 d5 12. Qe1 d4 13. Ne2 h6 14. Qh4 Nb4 15. Ne1 Nec6 16. Qh3 b6 17. a3 Na6 18. Ng3 Bb7 19. f5 exf5 20. gxf5 gxf5 21. Nxf5 Bc8 22. Nxh6+ Bxh6 23. Qxh6 Rxf1+ 24. Bxf1 Qd7 25. Bg2 Qg4 26. Qxc6 Rb8 27. Qe8+ Kh7 28. Qe7+ Kg6 29. Nf3 Rb7 30. Qxb7 Bxb7 31. Ne5+ Kh5 32. Nxg4 Kxg4 33. Bh6 Nc7 34. Rf1 Kh5 35. Rf7 Kxh6 36. Rxc7 Ba8 37. e5 Bxg2 38. Kxg2 Kg6 39. Rxa7 Kf5 40. Rb7 Kxe5 41. Rxb6 Kd5 42. a4 c4 43. dxc4+ Kxc4 44. a5 Kc5 45. Rb8 Kd5 46. a6 Ke4 47. a7 Ke3 48. a8Q Kd2 49. Qa4 Ke3 50. Re8+ Kd2 51. Qxd4+ Kxc2 52. Qc3+ Kb1 53. Re1+ Ka2 54. Qa3# 1-0

[Event "BCF-ch U12"]
[Site "Hull"]
[Date "2018.07.29"]
[Round "1"]
[White "Lokwani, Lakshya"]
[Black "Cox, Lucian"]
[Result "1-0"]
[WhiteElo "1570"]
[BlackElo "1375"]
[PlyCount "83"]
[EventDate "2018.07.29"]
[EventType "swiss"]
[EventRounds "7"]
[EventCountry "ENG"]
[SourceTitle "CBM 186 Extra"]
[Source "ChessBase"]
[SourceDate "2018.08.24"]
[SourceVersion "1"]
[SourceVersionDate "2018.08.24"]
[SourceQuality "1"]

1. c4 Nf6 2. g3 g6 3. Bg2 Bg7 4. Nf3 0-0 5. 0-0 d6 6. d3 Be6 7. Nd4 Nc6 8. Nxc6 bxc6 9. Bxc6 Rb8 10. Nc3 Rb6 11. Bg2 Qd7 12. Qc2 Bh3 13. Be3 Bxg2 14. Kxg2 Qc6+ 15. Kg1 Rb7 16. Rab1 Ng4 17. Bd2 Bd4 18. h3 Nxf2 19. Rxf2 Bxf2+ 20. Kxf2 Qc5+ 21. Kg2 Rd8 22. Rf1 d5 23. b4 Qc6 24. b5 Qc5 25. Na4 Qd6 26. Bf4 e5 27. Bg5 Rd7 28. c5 Qe6 29. Rf6 Qe8 30. c6 Rxb5 31. cxd7 Qxd7 32. Qc6 Qxc6 33. Rxc6 Ra5 34. Nc3 d4 35. Ne4 Rxa2 36. Kf3 a5 37. Rxc7 a4 38. Nf6+ Kg7 39. Rc8 e4+ 40. dxe4 Ra3+ 41. Kf2 Rc3 42. Rg8# 1-0

[Event "BCF-ch U10"]
[Site "Llandudno"]
[Date "2017.08.01"]
[Round "3"]
[White "Clarkson, George"]
[Black "Cox, Lucian"]
[Result "1-0"]
[WhiteElo "1383"]
[BlackElo "1210"]
[PlyCount "29"]
[EventDate "2017.07.30"]
[EventType "swiss"]
[EventRounds "7"]
[EventCountry "WLS"]
[SourceTitle "CBM 179 Extra"]
[Source "ChessBase"]
[SourceDate "2017.08.23"]
[SourceVersion "1"]
[SourceVersionDate "2017.08.23"]
[SourceQuality "1"]

1. e4 c5 2. c3 d5 3. exd5 Nf6 4. d4 Nxd5 5. Nf3 Bg4 6. Bc4 e6 7. h3 Bf5 8. Bb5+ Nd7 9. Ne5 N5f6 10. dxc5 Bxc5 11. Bg5 Bxf2+ 12. Kxf2 Ne4+ 13. Kf1 Qxg5 14. Qxd7+ Kf8 15. Qxf7# 1-0

[Event "BCF-ch U10"]
[Site "Llandudno"]
[Date "2017.07.31"]
[Round "2"]
[White "Cox, Lucian"]
[Black "Mendis, Arjuna1111"]
[Result "1-0"]
[WhiteElo "1210"]
[BlackElo "1157"]
[PlyCount "27"]
[EventDate "2017.07.30"]
[EventType "swiss"]
[EventRounds "7"]
[EventCountry "WLS"]
[SourceTitle "CBM 179 Extra"]
[Source "ChessBase"]
[SourceDate "2017.08.23"]
[SourceVersion "1"]
[SourceVersionDate "2017.08.23"]
[SourceQuality "1"]

1. e4 e6 2. Nf3 d5 3. e5 c5 4. b4 Nc6 5. bxc5 Bxc5 6. d4 Bb6 7. c3 Nge7 8. Bd3 Bd7 9. 0-0 0-0 10. Bxh7+ Kxh7 11. Ng5+ Kg6 12. Qg4 Qe8 13. Nxe6+ Kh7 14. Qxg7# 1-0